Catálogo

The reviewer's guide to quantitative methods in the social sciences / (Registro nro. 69708)

Detalles MARC
000 -LEADER
fixed length control field 01288nam a2200325 i 4500
001 - CONTROL NUMBER
control field 69708
003 - CONTROL NUMBER IDENTIFIER
control field Mx-PuUPA
005 - DATE AND TIME OF LATEST TRANSACTION
control field 20250521110020.0
008 - FIXED-LENGTH DATA ELEMENTS--GENERAL INFORMATION
fixed length control field 220613b2019 nyud|||fr|||| 001 0 eng d
020 ## - INTERNATIONAL STANDARD BOOK NUMBER
International Standard Book Number 9781138800137
Qualifying information rústica
040 ## - CATALOGING SOURCE
Original cataloging agency Mx-PuUPA
Language of cataloging spa
Transcribing agency Mx-PuUPA
Modifying agency Mx-PuUPA
Description conventions rda
041 0# - LANGUAGE CODE
Language code of text/sound track or separate title eng
245 04 - TITLE STATEMENT
Title The reviewer's guide to quantitative methods in the social sciences /
Statement of responsibility, etc. edited by Gregory R. Hancock, Laura M. Stapleton, and Ralph O. Mueller
250 ## - EDITION STATEMENT
Edition statement Second edition
264 #1 - PRODUCTION, PUBLICATION, DISTRIBUTION, MANUFACTURE, AND COPYRIGHT NOTICE
Place of production, publication, distribution, manufacture New York, NY. :
Name of producer, publisher, distributor, manufacturer Routledge,
Date of production, publication, distribution, manufacture, or copyright notice ©2019
300 ## - PHYSICAL DESCRIPTION
Extent xii, 501 páginas :
Other physical details gráficas, tablas ;
Dimensions 26 cm
336 ## - CONTENT TYPE
Fuente rdacontent
Content type term texto
Content type code txt
337 ## - MEDIA TYPE
Source rdamedia
Media type term sin medio
Media type code n
338 ## - CARRIER TYPE
Source rdacarrier
Carrier type term volumen
Carrier type code nc
650 #7 - SUBJECT ADDED ENTRY--TOPICAL TERM
Source of heading or term armarc
Topical term or geographic name entry element Ciencias sociales
General subdivision Investigación
-- Metodología
650 #7 - SUBJECT ADDED ENTRY--TOPICAL TERM
Source of heading or term armarc
Topical term or geographic name entry element Ciencias sociales
General subdivision Métodos estadísticos
700 1# - ADDED ENTRY--PERSONAL NAME
Personal name Hancock, Gregory R.,
Relator term editor
9 (RLIN) 12775
700 1# - ADDED ENTRY--PERSONAL NAME
Personal name Stapleton, Laura M.,
Relator term editor
700 1# - ADDED ENTRY--PERSONAL NAME
Personal name Mueller, Ralph O.,
Relator term editor
942 ## - ADDED ENTRY ELEMENTS (KOHA)
Source of classification or shelving scheme Dewey Decimal Classification
Koha item type Libro
Classification part 300.72
Item part R44
Existencias
Withdrawn status Lost status Source of classification or shelving scheme Damaged status Not for loan Collection code Home library Current library Shelving location Date acquired Source of acquisition Cost, normal purchase price Total Checkouts Full call number Barcode Date last seen Cost, replacement price Price effective from Koha item type Copy number
    Dewey Decimal Classification     General Biblioteca Karol Wojtyla Biblioteca Karol Wojtyla Sala general 06/08/2024 2 1627.43   300.72 R44 2019 102648 05/01/2026 1627.43 06/08/2024 Reserva permanente  
    Dewey Decimal Classification     General Biblioteca Karol Wojtyla Biblioteca Karol Wojtyla Sala general 22/05/2025 2 1901.85   300.72 R44 2019 106083 28/01/2026 1901.85 22/05/2025 Reserva permanente Ej.2